00630nam a2200205Ia 4500003000400000008004100004020002300045040000800068100001500076245004500091260002800136300001300164365001100177901002100188902003400209903005800243942001200301952009400313999001700407LDD181029s9999 xx 000 0 und d a8179101592c525.00 cLDD aIyer, Iyer 0aWomen in developing countriescIyer Iyer aJaipurbAavishkarc2006 av, 216p. b525.00 a3864b27-02-2007 a11582b08-03-2007cFdGBHe64 aDiscount-10bReqst by : Thomas,  2ddccBK 00102ddc4070978380aLDDbLDDl0o305.42091724 I9Wp061711r2018-11-01w2018-11-01yBK c78381d78381